| 000 | 01148nab a22002297a 4500 | ||
|---|---|---|---|
| 999 |
_c6014 _d6014 |
||
| 003 | OSt | ||
| 005 | 20260116175325.0 | ||
| 008 | 190605e xxu||||| |||| 00| 0 spa d | ||
| 040 | _cPJ | ||
| 245 | 1 | 0 |
_a¿Cuánto cuesta quejarse? El depósito previo y la (potencial) vulnerabilidad del profesional independiente / _cMaría Sol Loredo. |
| 260 |
_aCiudad Autónoma de Buenos Aires : _bThomson Reuters La Ley, _c2025. |
||
| 300 | _ap. 98-103 | ||
| 500 | _aCita Online: Cita: TR LALEY AR/DOC/854/2025. | ||
| 505 | _aSumario: I. Introducción.— II. Hechos.— III. Lo señalado por el Alto Tribunal.— IV. Comentarios. | ||
| 505 | _aFallo comentado: CS ~ 06/03/2025 ~ Perini, Julio César c. Municipalidad de Villa del Rosario s/ medida autosatisfactiva. | ||
| 505 | _t¿Te interesa el texto completo? Solicitalo al correo: koha@justierradelfuego.gov.ar | ||
| 650 | 0 |
_91316 _aDERECHO LABORAL |
|
| 650 | 0 |
_96820 _aDEPOSITO PREVIO |
|
| 650 | 0 |
_aMEDIDAS AUTOSATISFACTIVAS _94222 |
|
| 773 | 0 |
_02711 _93168 _dCiudad Autónoma de Buenos Aires : Thomson Reuters La Ley, 1999-2002. _tRevista de derecho del trabajo. Nº 3 - Mayo 2025 |
|
| 942 |
_2udc _cANA |
||